LEADER 02563nam0 2200361 i 450 001 SUN0063963 005 20200430100449.869 010 $a88-299-1666-8$d0.00 100 $a20080416d2003 |0itac50 ba 101 $aita 102 $aIT 105 $a|||| ||||| 200 1 $aLe *basi molecolari della nutrizione$fGiuseppe Arienti 205 $a2. ed 210 $aPadova$cPiccin$d[2003] 215 $aXXII, 780 p.$d27 cm. 620 $dPadova$3SUNL000007 676 $a612.3$cNutrizione umana$v22 676 $a664$cTecnologia alimentare. Chimica degli alimenti$v22 700 1$aArienti$b, Giuseppe$3SUNV012652$0439698 712 $aPiccin$3SUNV000025$4650 801 $aIT$bSOL$c20200504$gRICA 912 $aSUN0063963 950 $aUFFICIO DI BIBLIOTECA DEL DIPARTIMENTO DI SCIENZE E TECNOLOGIE AMBIENTALI BIOLOGICHE E FARMACEUTICHE$d17CONS Oc74 $e17BIB1197 20080416 $sBuono 950 $aUFFICIO DI BIBLIOTECA DEL DIPARTIMENTO DI SCIENZE E TECNOLOGIE AMBIENTALI BIOLOGICHE E FARMACEUTICHE$d17PREST Oc77 $e17BIB1200 20080416 $sBuono 950 $aUFFICIO DI BIBLIOTECA DEL DIPARTIMENTO DI SCIENZE E TECNOLOGIE AMBIENTALI BIOLOGICHE E FARMACEUTICHE$d17PREST Oc75 $e17BIB1198 20080416 $sSottolineato 950 $aUFFICIO DI BIBLIOTECA DEL DIPARTIMENTO DI SCIENZE E TECNOLOGIE AMBIENTALI BIOLOGICHE E FARMACEUTICHE$d17PREST Oc80 $e17BIB1203 20080416 $sBuono 950 $aUFFICIO DI BIBLIOTECA DEL DIPARTIMENTO DI SCIENZE E TECNOLOGIE AMBIENTALI BIOLOGICHE E FARMACEUTICHE$d17PREST Oc81 $e17BIB1204 20080416 $sBuono 950 $aUFFICIO DI BIBLIOTECA DEL DIPARTIMENTO DI SCIENZE E TECNOLOGIE AMBIENTALI BIOLOGICHE E FARMACEUTICHE$d17PREST Oc76 $e17BIB1199 20080416 $sBuono 950 $aUFFICIO DI BIBLIOTECA DEL DIPARTIMENTO DI SCIENZE E TECNOLOGIE AMBIENTALI BIOLOGICHE E FARMACEUTICHE$d17PREST Oc78 $e17BIB1201 20080416 $sBuono 950 $aUFFICIO DI BIBLIOTECA DEL DIPARTIMENTO DI SCIENZE E TECNOLOGIE AMBIENTALI BIOLOGICHE E FARMACEUTICHE$d17PREST Oc79 $e17BIB1202 20080416 $sBuono 996 $aBasi molecolari della nutrizione$940889 997 $aUNICAMPANIA LEADER 01440nam 2200373Ia 450 001 996385560003316 005 20221108025457.0 035 $a(CKB)4940000000076719 035 $a(EEBO)2240940201 035 $a(OCoLC)12362205 035 $a(EXLCZ)994940000000076719 100 $a19850808d1645 uy | 101 0 $aeng 135 $aurbn||||a|bb| 200 10$aFoure serious questions of grand importance, concerning excommunication and suspension from the Sacrament$b[electronic resource] $epropounded to the Reverend Assembly and all moderate Christians to prevent schismes, and settle unity among us in these divided times /$fby a lover both of peace and truth 210 $a[London $cs.n.$d1644?] 215 $a[4] p 300 $aCaption title. 300 $aAttributed to William Prynne. Cf. BM. 300 $aImprint suggested by Wing. 300 $aItem at reel 2176:13 incorrectly identified as Wing P3960. 300 $aReproductions of original in Harvard University Libraries. 330 $aeebo-0062 606 $aExcommunication$vEarly works to 1800 615 0$aExcommunication 700 $aPrynne$b William$f1600-1669.$0198500 801 0$bEAA 801 1$bEAA 801 2$bm/c 801 2$bWaOLN 906 $aBOOK 912 $a996385560003316 996 $aFoure serious questions of grand importance, concerning excommunication and suspension from the Sacrament$92371163 997 $aUNISA LEADER 00900nam0-2200301 --450 001 9910906998003321 005 20241125115731.0 010 $a978-88-430-9252-9 020 $aIT$b2018-9230 100 $a20241125d2018----kmuy0itay5050 ba 101 1 $aita$cfre 102 $aIT 105 $a 001yy 200 1 $aArmi e guerrieri di Roma antica$eda Diocleziano alla caduta dell'impero$fYann Le Bohec 210 $aRoma$cCarocci$d2018 215 $a437 p.$cill.$d22 cm 225 1 $aQuality paperbacks$v532 610 0 $aLegioni romane 610 0 $aRoma antica$aSec. 3.-5.$aStoria militare 676 $a355.00937$v23$zita 700 1$aLe Bohec,$bYann$0184045 801 0$aIT$bUNINA$gREICAT$2UNIMARC 901 $aBK 912 $a9910906998003321 952 $a355.009 LEBY 01$b2024/12040$fFLFBC 959 $aFLFBC 996 $aArmi e guerrieri di Roma antica$91224504 997 $aUNINA